POČÍTAČ - MODERNÝ DIDAKTICKÝ PROSTRIEDOK, MOŽNOSTI JEHO VYUŽITIA V TECHNICKEJ VÝCHOVE

Bibliographic Details
Main Authors: Pavlovkin, Ján, 1955- (Author), Ďuriš, Milan, 1954- (Author)
Format: Article
Language:Slovak
ISBN:8080501696

MARC

LEADER 00000naa a2200000uu 4500
001 vtls011096808
003 SK-MaSNL
005 20260302143610.0
008 210909|1997 xo |||||||||||||||||slo|
015 |a SNBRA 
035 |a (urnnbn)urn:nbn:sk:snk:ar-a0cv01 
035 |a (uuid)aac2dd60-672d-4271-af13-e8f562d41d37 
035 |a urn:nbn:sk:snk-aaw0l9 
040 |a SNKBUCL  |b slo  |c SNKBUCL  |e AACR2 
041 0 |a slo 
044 |a xo  |c SK 
100 1 |a Pavlovkin, Ján,  |d 1955-  |4 aut  |9 254885 
245 1 0 |a POČÍTAČ - MODERNÝ DIDAKTICKÝ PROSTRIEDOK, MOŽNOSTI JEHO VYUŽITIA V TECHNICKEJ VÝCHOVE  |c Ján PAVLOVKIN, Milan ĎURIŠ 
700 1 |a Ďuriš, Milan,  |d 1954-  |4 aut  |9 204806 
773 0 |t Vplyv technickej výchovy na rozvoj osobnosti žiaka : [vedecký seminár  |d V Nitre : Univerzita Konštantína Filozofa, 1997  |g S. 66-70  |z 8080501696 
958 |a OND 
958 |a article12 
958 |a chapter 
999 |c 1345404  |d 1347334